000 00871nas a2200277 4500
001 BR8902650
003 BR-BrBNA
005 20231205091551.0
007 ta
008 230509b bl.|||p| |||| 00| 00por d
040 _aBR-BrBNA
_bpor
_cBiblioteca Nacional de Agricultura
041 _a(En)
072 _aL70
100 1 _aFelicio, L.F.
100 1 _aSinhorini, I.L.
100 1 _aPalermo Neto, J.
100 1 _aNasello, A.G.
245 1 _aLong-term bromopride treatment induces morphological chages in female rats
650 _aCICLO ESTRAL
650 _aRATO
650 _aMEDICAMENTO
650 _aEFEITO COLATERAL
773 0 _tRevista da Faculdade de Medicina Veterinaria e Zootecnia da Universidade de Sao Paulo (Brazil)
_xISSN 0303-7525
_g(1988), v. 25(1) p. 117-121
_wBR8902650
909 _a202311
_bLúcia
_c55
_dLúcia Elande
942 _2AGRIS
_n0
_cANA
999 _c125913
_d125913